[Event "RSA-chT U18"]
[Site "Cape Town"]
[Date "2016.01.06"]
[Round "5.5"]
[White "Kara, Nabeel"]
[Black "Beukman, Michael"]
[Result "0-1"]
[WhiteElo "1219"]
[BlackElo "1336"]
[PlyCount "58"]
[EventDate "2016.01.04"]
[EventType "team-tourn"]
[EventRounds "7"]
[EventCountry "RSA"]
[SourceTitle "CBM 170 Extra"]
[Source "ChessBase"]
[SourceDate "2016.02.25"]
[SourceVersion "1"]
[SourceVersionDate "2016.02.25"]
[SourceQuality "1"]
[WhiteTeam "Ethekwini"]
[BlackTeam "Johannesburg Metro"]
[WhiteTeamCountry "RSA"]
[BlackTeamCountry "RSA"]

1. e4 c5 2. Nf3 d6 3. d4 cxd4 4. Nxd4 Nc6 5. Nc3 Nf6 6. Be2 g6 7. Be3 Bg7 8. Qd2 0-0 9. Nb3 Be6 10. Bh6 a6 11. Bxg7 Kxg7 12. 0-0 Rc8 13. Bd3 Ne5 14. Rae1 b5 15. Rb1 Qb6 16. Kh1 Nc4 17. Bxc4 Bxc4 18. Rfe1 Kg8 19. f3 a5 20. Ra1 b4 21. Ne2 e5 22. Nbc1 Rfd8 23. b3 Ba6 24. Nd3 Bxd3 25. cxd3 d5 26. h3 dxe4 27. fxe4 Nxe4 28. Qb2 Nf2+ 29. Kh2 Nxd3 0-1

[Event "RSA-chT U18"]
[Site "Cape Town"]
[Date "2016.01.05"]
[Round "4.5"]
[White "Beukman, Michael"]
[Black "Fouche, Jestus"]
[Result "1-0"]
[WhiteElo "1336"]
[BlackElo "1143"]
[PlyCount "61"]
[EventDate "2016.01.04"]
[EventType "team-tourn"]
[EventRounds "7"]
[EventCountry "RSA"]
[SourceTitle "CBM 170 Extra"]
[Source "ChessBase"]
[SourceDate "2016.02.25"]
[SourceVersion "1"]
[SourceVersionDate "2016.02.25"]
[SourceQuality "1"]
[WhiteTeam "Johannesburg Metro"]
[BlackTeam "Sedibeng"]
[WhiteTeamCountry "RSA"]
[BlackTeamCountry "RSA"]

1. e4 c5 2. Nf3 Nc6 3. d4 cxd4 4. Nxd4 Nf6 5. Nc3 e5 6. Ndb5 d6 7. f3 a6 8. Na3 b5 9. Nd5 Nxd5 10. Qxd5 Bb7 11. c3 Na5 12. Qd1 d5 13. b4 Qc7 14. Bb2 dxe4 15. bxa5 Bxa3 16. Qc2 Bb4 17. fxe4 Rd8 18. Be2 Rd4 19. 0-0 Bc5 20. Kh1 Rxe4 21. Bf3 Rh4 22. Bxb7 Qxb7 23. Qf5 Bd6 24. Rad1 Qc6 25. Qxf7+ Kd8 26. Ba3 Qc7 27. Rxd6+ Kc8 28. Qxc7+ Kxc7 29. Rf7+ Kb8 30. Rxa6 b4 31. cxb4 1-0